000 00412nam a2200133Ia 4500
008 100328s9999 xx 000 0 und d
082 _b6132
100 _aसरदेसाई लक्ष्मणराव
245 _aढासळलेले बुरुज
260 _b---
630 _aढासळलेले बुरुज
730 _aढासळलेले बुरुज
942 _cBOOK
999 _c502071
_d502068